<?xml version="1.0" encoding="UTF-8"?>
<marc:record xmlns:marc="http://www.loc.gov/MARC21/slim">
   <marc:leader>00000nam a2200000 a 4500</marc:leader>
   <marc:datafield ind1="1" ind2=" " tag="100">
      <marc:subfield code="a">Hamilton, Kimberlie</marc:subfield>
      <marc:subfield code="4">aut</marc:subfield>
      <marc:subfield code="e">Verfasser/-in</marc:subfield>
   </marc:datafield>
   <marc:datafield ind1="1" ind2=" " tag="100">
      <marc:subfield code="a">Harms-Nicolai, Marianne</marc:subfield>
      <marc:subfield code="4">trl</marc:subfield>
      <marc:subfield code="e">Übersetzer/-in</marc:subfield>
   </marc:datafield>
   <marc:datafield ind1=" " ind2=" " tag="653">
      <marc:subfield code="a">Katzen</marc:subfield>
   </marc:datafield>
   <marc:datafield ind1=" " ind2=" " tag="653">
      <marc:subfield code="a">Katzenliebhaber-Geschenk</marc:subfield>
   </marc:datafield>
   <marc:datafield ind1=" " ind2=" " tag="653">
      <marc:subfield code="a">Geschenkideen Katzenliebhaber</marc:subfield>
   </marc:datafield>
   <marc:datafield ind1=" " ind2=" " tag="653">
      <marc:subfield code="a">Geschenk für Katzenfan</marc:subfield>
   </marc:datafield>
   <marc:datafield ind1=" " ind2=" " tag="653">
      <marc:subfield code="a">Katzengeschichten</marc:subfield>
   </marc:datafield>
   <marc:datafield ind1=" " ind2=" " tag="653">
      <marc:subfield code="a">Berühmte Katzen</marc:subfield>
   </marc:datafield>
   <marc:datafield ind1=" " ind2=" " tag="653">
      <marc:subfield code="a">Rebel Girls</marc:subfield>
   </marc:datafield>
   <marc:datafield ind1=" " ind2=" " tag="653">
      <marc:subfield code="a">Katzenbaby</marc:subfield>
   </marc:datafield>
   <marc:datafield ind1=" " ind2=" " tag="653">
      <marc:subfield code="a">Katzenbabys</marc:subfield>
   </marc:datafield>
   <marc:datafield ind1=" " ind2=" " tag="653">
      <marc:subfield code="a">Katzenbilder</marc:subfield>
   </marc:datafield>
   <marc:datafield ind1=" " ind2=" " tag="653">
      <marc:subfield code="a">Softcover / Belletristik/Geschenkbücher</marc:subfield>
   </marc:datafield>
   <marc:datafield ind1=" " ind2=" " tag="653">
      <marc:subfield code="a">Geschenkbücher</marc:subfield>
   </marc:datafield>
   <marc:datafield ind1="0" ind2="0" tag="245">
      <marc:subfield code="a">Rebel Cats</marc:subfield>
   </marc:datafield>
   <marc:datafield ind1="0" ind2="0" tag="245">
      <marc:subfield code="b">Legendäre Katzen und ihre Abenteuer</marc:subfield>
   </marc:datafield>
   <marc:datafield ind1="0" ind2="0" tag="245">
      <marc:subfield code="c">Kimberlie Hamilton</marc:subfield>
   </marc:datafield>
   <marc:datafield ind1=" " ind2="1" tag="264">
      <marc:subfield code="a">München</marc:subfield>
      <marc:subfield code="b">arsEdition</marc:subfield>
      <marc:subfield code="c">2019</marc:subfield>
   </marc:datafield>
   <marc:datafield ind1="1" ind2=" " tag="520">
      <marc:subfield code="a">Angaben aus der Verlagsmeldung

Rebel Cats : Legendäre Katzen und ihre Abenteuer Rebel Cats. Brave tales of feisty felines / von Kimberlie Hamilton

Auch Katzen können Helden sein!
Katzen sind Abenteurer – und die geborenen Überlebenskünstler! Dieses Buch erzählt die wahren Geschichten von über 30 heldenhaften Miezen aus aller Welt: Samtpfotige Lebensretter, unermüdliche Mäusefänger, flauschige Hollywoodstars, mutige Schiffskatzen, weltraumreisende Astro-Katzen und tapfere Kriegshelden. Vermischt mit unglaublichen und spannenden Fakten über Katzen und ihre außerordentlichen Fähigkeiten, ist dieses Buch ein wunderschönes Geschenk für alle, die Katzen lieben. Bist du bereit? Dann mach dich auf einige der außerordentlichsten Katzenfakten und katzenhaarsträubendsten Abenteuer gefasst!

• Legendäre Katzen: Die schönsten Geschichten und Geheimnisse der faszinierendsten Katzen der Weltgeschichte!
• Katzenfakten-Sammelsurium: Spannende Infos und unterhaltsame Fakten, die selbst Katzenkenner noch überraschen
• Von Katzenliebhabern für Katzenliebhaber: Autorin Kimberlie Hamilton liebt Katzen über alles und weiß fast alles über sie
• Zauberhafte Gestaltung: Von 17 verschiedenen namhaften und katzenliebenden Illustratoren wunderschön illustriert
• Katzenglück schenken: Dieses wunderschöne Buch ist ein perfektes Geschenk für Katzenliebhaber jeden Alters!  

Über das Buch
Ob Bob, der Streuner, Bibliothekskatze Dewey, Stationskater Oscar, der Sterbende auf ihrem letzten Weg begleitet, oder Astro-Katze Félicette, die bereits auf vier Pfoten in den Weltraum (und zurück!) gereist ist – dieses Buch erzählt die wahren Geschichten der berühmtesten Samtpfoten der Welt.
</marc:subfield>
   </marc:datafield>
   <marc:datafield ind1=" " ind2=" " tag="020">
      <marc:subfield code="a">9783845833873</marc:subfield>
      <marc:subfield code="9">9783845833873</marc:subfield>
   </marc:datafield>
   <marc:datafield ind1=" " ind2=" " tag="020">
      <marc:subfield code="a">3845833874</marc:subfield>
      <marc:subfield code="9">3845833874</marc:subfield>
   </marc:datafield>
   <marc:datafield ind1=" " ind2=" " tag="300">
      <marc:subfield code="a">160 Seiten</marc:subfield>
   </marc:datafield>
</marc:record>
